Sobre la identidad cultural afro-costarricense /

La Cátedra Libre de Ciencias Sociales, experiencia académica de extensión universitaria de la Universidad Nacional (Heredia, CR), ha incorporado la problemática del negro costarricense al debate acerca de la cuestión étnica y la cuestión nacional. Los autores presentan sus reflexiones sobre la situa...

Mô tả đầy đủ

Đã lưu trong:
Chi tiết về thư mục
Tác giả chính: Smith N, David
Tác giả khác: Neakly S, Sherman
Định dạng: Texto
Những chủ đề:
Các nhãn: Thêm thẻ
Không có thẻ, Là người đầu tiên thẻ bản ghi này!

MARC

LEADER 00000 a a2200000 04500
001 12682
003
040
100 |a Smith N, David  
245 |a Sobre la identidad cultural afro-costarricense /  |c David Smith N ; Sherman Neakly S 
520 |a La Cátedra Libre de Ciencias Sociales, experiencia académica de extensión universitaria de la Universidad Nacional (Heredia, CR), ha incorporado la problemática del negro costarricense al debate acerca de la cuestión étnica y la cuestión nacional. Los autores presentan sus reflexiones sobre la situación del negro en Costa Rica, la importancia de su participación organizada en la construcción explicativa de su realidad. La Cátedra Libre, además de ubicar líneas teóricas y de investigación empírica, concluye que no existe ningún proyecto político social, a nivel nacional, que rescate aspectos regionales, populares y étnico-culturales. EV?/mb  
650 |a NEGROS  
650 |a ETNICIDAD  
650 |a IDENTIDAD CULTURAL  
650 |a GRUPOS ETNICOS  
650 |a RELACIONES INTERETNICAS  
650 |a DISCRIMINACION RACIAL  
650 |a UNIVERSIDADES  
700 |a Neakly S, Sherman  
773 |g número 20; 72 ps.  
999 |c 33609  |d 33609